000 00412pab a2200145 454500
008 180718b2013 xxu||||| |||| 00| 0 eng d
100 _aDaley, Patricia
245 _aRefugees, IDPS and citizenship rights: The perils of humanitarianism in the african great lakes region
260 _c2013
300 _ap.893-912.
650 _aRefugees
773 _aThird World Quarterly
908 _aN
909 _a100972
999 _c100971
_d100971